Normal view
MARC view
- Giessler, Alfred Baumgarten, Bernd Burkhardt, Heinz-Jurgen
Entry Personal Name
001 - CONTROL NUMBER
- control field: 76097
003 - CONTROL NUMBER IDENTIFIER
- control field: NUST
005 - DATE AND TIME OF LATEST TRANSACTION
- control field: 20210628205557.0
008 - FIXED-LENGTH DATA ELEMENTS
- fixed length control field: 210628|| aca||aabn | a|a d
040 ## - CATALOGING SOURCE
- Original cataloging agency: NUST
- Transcribing agency: NUST
100 ## - HEADING--PERSONAL NAME
- Personal name: Giessler, Alfred Baumgarten, Bernd Burkhardt, Heinz-Jurgen
670 ## - SOURCE DATA FOUND
- Source citation: Work cat.: (NUST): Giessler, Alfred Baumgarten, Bernd Burkhardt, Heinz-Jurgen, Testing communicating systems ifip tc6 9th international workshop on testing of communicating systems, darmstadt germany 9-11 september 1996, 1996
